000
00207 a2200097 4500
001
29305
100
_a
Modoodi
245
_a
Rasail-o-Masail (Vol-III)
260
_a
_b
Pak Is lamia
_c
090
_c
19522
_d
19522
942
_a
NUST-CAE
_c
M
_c
10583
999
_c
264378
_d
264378